000
00297nam a22001337a 4500
008
170329b xxu||||| |||| 00| 0 eng d
020
_a
9780205420636
041
_a
eng
080
_2
5 ED
_a
616-053.2
100
_a
8
101
_a
SHM
245
_a
INFANTS AND CHILDREN
_c
BERK.L.E
942
_2
udc
_c
BK
999
_c
8922
_d
8922